00753nam a2200193 a 4500001001000000005001700010008004100027020001500068050002200083245021800105260003300323300003800356500004400394504003200438650002300470650001600493700002600509700002400535BRCA_145320190320203433.0310805s2001----ms-a---f##---#001-0#spa-# a8881189712 4aGT1370b.A75 200110aAsian costumes and textiles from the Bosphorus to Fujiyama : the Zaira and Marcel Mis collectioncintroduction by Mary Hunt Kahlenberg ; contributions by Valerie Berinstain ... [et al.] ; photos by Mauro Magliani. aMilán, ItaliabSkirac2001 a291 p.bil. a color, mapac31 cm. aIncluye glosario e índice analítico aBibliografía : p. 287-28814aIndumentariayAsia14aTelaszAsia1 aHunt Kahlenberg, Mary1 aBerinstain, Valerie